El silencio administrativo en el derecho español
Uloženo v:
| Hlavní autor: | |
|---|---|
| Médium: | Kniha |
| Jazyk: | španělština |
| Vydáno: |
Madrid
Civitas
1990
|
| Edice: | Monografías Civitas
|
| Témata: | |
| Tagy: |
Přidat tag
Žádné tagy, Buďte první, kdo vytvoří štítek k tomuto záznamu!
|
MARC
| LEADER | 00000nam a2200000 a 4500 | ||
|---|---|---|---|
| 001 | UCV1929 | ||
| 003 | CL-VaPUC | ||
| 008 | 910621e19900000SP |||||||||||||||||spa|d | ||
| 082 | 0 | 4 | |a 342.46 |b GAR |2 21 |
| 100 | 0 | |a García-Trevijano Garnica, Ernesto |e author |9 296122 | |
| 245 | 1 | 3 | |a El silencio administrativo en el derecho español |
| 300 | |a 338 p | ||
| 942 | |c BK | ||
| 945 | |d 19910621 00:00:00 | ||
| 260 | |a Madrid |b Civitas |c 1990 | ||
| 650 | 0 | |a Derecho administrativo |9 254851 | |
| 650 | 7 | |a SILENCIO |2 CL-VaPUC |9 256537 | |
| 651 | 0 | |a España |9 254926 | |
| 583 | |a last modification |c 19910621 00:00:00 |k Rodrigo Vera | ||
| 490 | 0 | |a Monografías Civitas | |
| 999 | |c 209671 |d 209669 | ||
| 952 | |0 0 |1 0 |4 0 |6 342_460000000000000_GAR_1990 |7 0 |8 A |9 185255 |a BIBDER |b BIBDER |d 2019-11-14 |i 2527286 |o 342.46 GAR 1990 |p 2527286 |r 2023-01-25 |w 2019-11-14 |y BK |k DER | ||